Statistics for Top 30 Pop Songs of the 2000's

Click here to take the quiz!

General Stats

  • This quiz has been taken 458 times
  • The average score is 10 of 30

Answer Stats

PositionArtist (Year)Song% Correct
2Usher ft. Lil Jon (2004)Yeah!
70%
20Outkast (2003)Hey Ya!
66%
17Leona Lewis (2007)Bleeding Love
61%
3Flo Rida ft. T-Pain (2007)Low
58%
9Kanye West ft. Jamie Foxx (2005)Gold Digger
57%
5Black Eyed Peas (2009)I Gotta Feeling
54%
2450 Cent (2003)In da Club
50%
10Timbland ft. One Republic (2006)Apologize
50%
23Soulija Boy Tell 'Em (2007)Crank That (Soulja Boy)
50%
7Black Eyed Peas (2009)Boom Boom Pow
49%
13Fergie (2007)Big Girls Don't Cry
48%
4Nickelback (2001)How You Remind Me
45%
6Alicia Keys (2007)No One
40%
28Eminem (2002)Lose Yourself
40%
8Mario (2004)Let Me Love You
36%
29Alicia Keys (2001)Fallin'
33%
1Mariah Carey (2005)We Belong Together
31%
11Nelly (2002)Dilemma
20%
25Beyonce (2006)Irreplaceable
19%
21Usher (2004)Burn
19%
12Mary J. Blige (2001)Family Affair
18%
16T.I. (2008)Whatever You Like
16%
14*Santana ft. The Product G&B (1999)Maria Maria
16%
30Jennifer Lopez (2001)I'm Real
16%
26Lifehouse (2001)Hanging By A Moment
15%
18Destiny's Child (2000)Independent Woman
14%
27*Faith Hill (1999)Breathe
14%
19Ashanti (2002)Foolish
11%
22Outkast ft. Sleepy Brown (2003)The Way You Move
9%
15Usher (2001)U Got It Bad
9%

Score Distribution

Percentile by Number Answered

Percent of People with Each Score

Your Score History

You have not taken this quiz